Wirtschaftsmathematik Hochschullehrbuch in zwei Bänden

Salvato in:
Dettagli Bibliografici
Natura: Libro
Lingua:tedesco
Pubblicazione: Berlin Die Wirtschaft 1992
Edizione:1. Aufl.
Soggetti:
Tags: Aggiungi Tag
Nessun Tag, puoi essere il primo ad aggiungerne!!

MARC

LEADER 00000nam a2200000 4500
001 c010253
005 20221206083708.9
020 |a 3-349-00952-2 
041 0 |a ger 
044 |a DE 
245 1 0 |a Wirtschaftsmathematik  |b Hochschullehrbuch in zwei Bänden 
250 |a 1. Aufl. 
264 1 |a Berlin  |b Die Wirtschaft  |c 1992 
300 |a 732 s. 
610 2 0 |a matematika hospodárska 
610 2 0 |a logika 
610 2 0 |a matice 
610 2 0 |a rovnice stochastické